Čaká nás návrat do lavíc vo večerných školách?

Rozhovor s Jurajom Borgulom o situácii v našom odbornom školstve a vzdelávaní. Projekt - vzdelávacie programy a odborné profesie pre večerné školy.

Na minha lista:
Detalhes bibliográficos
Autor principal: Marianyi, Peter
Outros Autores: Borgula, Juraj
Formato: Capítulo de Livro
Idioma:eslovaco
Assuntos:
Tags: Adicionar Tag
Sem tags, seja o primeiro a adicionar uma tag!

MARC

LEADER 00000naa a2200000 4500
001 0172102
005 20231011123304.2
041 0 |a slo 
044 |a SK 
245 1 0 |a Čaká nás návrat do lavíc vo večerných školách?  |c Peter Marianyi 
520 |a Rozhovor s Jurajom Borgulom o situácii v našom odbornom školstve a vzdelávaní. Projekt - vzdelávacie programy a odborné profesie pre večerné školy. 
610 2 0 |a vzdelávanie dospelých 
610 2 0 |a vzdelávanie ďalšie 
610 2 0 |a rozvoj pracovníkov 
610 2 0 |a zvyšovanie kvalifikácie 
610 2 0 |a odbornosť 
610 2 0 |a interview 
100 1 |a Marianyi, Peter 
700 1 |a Borgula, Juraj